000 00414cam a2200181ua 4500
001 7236
008 141204n ii |||gr||||Z||||||eng
040 _cMAIN
041 _aeng
082 _a342
100 _aRout, B.C.,
_eAuthor.
245 1 _aMajor modern constitutions
_cBy B.C. Rout
250 _a1st.
260 _aDelhi:
_bAjanta,
_c1978.
300 _a540p.
653 _aModern constitutions
942 _cBK
999 _c6361
_d6361